[Event "Pozarevac Rudar IM 04"]
[Site "Pozarevac"]
[Date "2024.04.12"]
[Round "3"]
[White "Garv, Rai"]
[Black "Ilincic, Zlatko"]
[Result "1-0"]
[WhiteElo "2241"]
[BlackElo "2262"]
[PlyCount "125"]
[EventDate "2024.04.10"]
[EventType "tourn"]
[EventRounds "9"]
[EventCountry "SRB"]
[EventCategory "1"]
[SourceTitle "CB17_2024"]
[SourceDate "2024.04.24"]
[SourceVersion "1"]
[SourceVersionDate "2024.04.24"]
[SourceQuality "1"]

1. d4 Nf6 2. c4 e6 3. g3 Bb4+ 4. Nd2 0-0 5. Bg2 d6 6. Ngf3 c5 7. a3 Ba5 8. 0-0 cxd4 9. Nxd4 e5 10. N4f3 h6 11. Qc2 Nc6 12. b4 Bc7 13. Bb2 Be6 14. Rfd1 Qc8 15. Rac1 Bh3 16. c5 Bxg2 17. Kxg2 Qe6 18. cxd6 Bxd6 19. Nc4 Bc7 20. b5 Ne7 21. Bxe5 Rfc8 22. Qb2 Bxe5 23. Qxe5 Qxe5 24. Nfxe5 Rc5 25. Nxf7 Rxb5 26. Nfd6 Rb3 27. Rb1 Rxb1 28. Rxb1 b6 29. e4 Nc6 30. f4 Nd7 31. e5 Nc5 32. Re1 g6 33. g4 Rd8 34. Re3 Kf8 35. Kg3 Ke7 36. h4 h5 37. gxh5 gxh5 38. Nf5+ Ke6 39. Ncd6 Rg8+ 40. Kf3 Rg4 41. Rc3 a5 42. Re3 a4 43. Re2 Nd3 44. Re4 b5 45. Ke3 Nc5 46. Nd4+ Kd5 47. Nxc6 Rg3+ 48. Ke2 Kxc6 49. Re3 Rxe3+ 50. Kxe3 b4 51. Nc4 bxa3 52. Nxa3 Kd5 53. Nc2 Na6 54. Kf3 Nc7 55. Ke3 Na6 56. Na3 Nc7 57. Nb1 Kc5 58. Ke4 Kb4 59. f5 Kb3 60. f6 Kb2 61. f7 Ne6 62. Kf5 Nf8 63. e6 1-0

[Event "Budapest FS02 IM-2"]
[Site "Budapest"]
[Date "2024.02.16"]
[Round "2"]
[White "Ilincic, Zlatko"]
[Black "Balint, Vilmos"]
[Result "1-0"]
[WhiteElo "2294"]
[BlackElo "2191"]
[PlyCount "77"]
[EventDate "2024.02.15"]
[EventType "tourn"]
[EventRounds "9"]
[EventCountry "HUN"]
[EventCategory "4"]
[SourceTitle "CB09_2024"]
[SourceDate "2024.02.28"]
[SourceVersion "1"]
[SourceVersionDate "2024.02.28"]
[SourceQuality "1"]

1. d4 e6 2. c4 b6 3. Nf3 Bb7 4. g3 Bb4+ 5. Bd2 Bxf3 6. exf3 Bxd2+ 7. Qxd2 d5 8. Nc3 Ne7 9. 0-0-0 0-0 10. h4 Nbc6 11. g4 Qd6 12. h5 Na5 13. h6 g6 14. Nb5 Nxc4 15. Bxc4 Qc6 16. Qf4 Qxc4+ 17. Kb1 f6 18. Na3 g5 19. Qg3 Qa4 20. Qxc7 Kf7 21. Qg3 Rac8 22. f4 b5 23. Qd3 b4 24. Qxh7+ Ke8 25. Nc2 f5 26. b3 Qa5 27. Rd2 Rf7 28. Qh8+ Kd7 29. Qe5 Ng6 30. Qe1 Nxf4 31. gxf5 exf5 32. Qg1 Qa6 33. Qxg5 Ne2 34. Nxb4 Nc3+ 35. Kb2 Qa5 36. Qg6 Rff8 37. Qg7+ Ke6 38. h7 Ne4 39. Rh6+ 1-0

[Event "Budapest FS12 GM"]
[Site "Budapest"]
[Date "2023.12.12"]
[Round "9"]
[White "Arhan, Chethan Anand"]
[Black "Ilincic, Zlatko"]
[Result "1-0"]
[WhiteElo "2378"]
[BlackElo "2302"]
[PlyCount "63"]
[EventDate "2023.12.02"]
[EventType "tourn"]
[EventRounds "9"]
[EventCountry "HUN"]
[EventCategory "6"]
[SourceTitle "CB51_2023"]
[SourceDate "2023.12.20"]
[SourceVersion "1"]
[SourceVersionDate "2023.12.20"]
[SourceQuality "1"]

1. e4 c5 2. Nf3 d6 3. d4 cxd4 4. Nxd4 Nf6 5. Nc3 a6 6. h3 h5 7. Bd3 e6 8. Bg5 Be7 9. Qd2 b5 10. 0-0-0 Bb7 11. e5 b4 12. Nce2 Nd5 13. Bxe7 Qxe7 14. exd6 Qxd6 15. Qg5 Kf8 16. Be4 Nd7 17. Rhe1 Nc5 18. Bf3 a5 19. Bxd5 Bxd5 20. Nf4 Qd8 21. Qe5 Rh6 22. Nf5 Rf6 23. Ne3 Nd7 24. Qd6+ Kg8 25. Nfxd5 exd5 26. Qxd5 Ra7 27. Nf5 Qb8 28. Ne7+ Kf8 29. Nc6 Qf4+ 30. Kb1 Rf5 31. Qd3 Rc7 32. Nb8 1-0